Temas clave de derecho penal presente y futuro de la política criminal en España (Registro nro. 171548)
[ vista simple ]
| 000 -LEADER | |
|---|---|
| fixed length control field | 02805nam a22002657a 4500 |
| 007 - PHYSICAL DESCRIPTION FIXED FIELD--GENERAL INFORMATION | |
| fixed length control field | cr|||| |||| |
| 008 - FIXED-LENGTH DATA ELEMENTS--GENERAL INFORMATION | |
| fixed length control field | 220510s2021 es |||||s|||| 00||0 spa d |
| 020 ## - INTERNATIONAL STANDARD BOOK NUMBER | |
| International Standard Book Number | 978-84-123154-9-3 |
| 035 ## - | |
| -- | 35632 |
| 040 ## - CATALOGING SOURCE | |
| Original cataloging agency | vLex |
| 090 ## - | |
| -- | 13312 |
| -- | 13312 |
| 100 1# - MAIN ENTRY--PERSONAL NAME | |
| Personal name | Alapont, José León |
| 245 10 - TITLE STATEMENT | |
| Title | Temas clave de derecho penal presente y futuro de la política criminal en España |
| Medium | [Recurso electrónico] / |
| Statement of responsibility, etc | José León Alapont |
| 256 ## - | |
| -- | Servicio en línea |
| 260 ## - PUBLICATION, DISTRIBUTION, ETC. (IMPRINT) | |
| Place of publication, distribution, etc | Barcelona: |
| Name of publisher, distributor, etc | J.M. Bosch Editor, |
| Date of publication, distribution, etc | 2021 |
| 300 ## - PHYSICAL DESCRIPTION | |
| Extent | 1 recurso electrónico |
| 500 ## - GENERAL NOTE | |
| General note | La presente obra aborda el estudio de aquellos temas más representativos de Derecho penal que en la actualidad copan el debate sobre el presente y futuro de la política criminal en España. En consecuencia, como podrá observar el lector, se analizan aquellos aspectos más controvertidos o que mayor atención han suscitado en la doctrina y entre los distintos operadores jurídicos, así como las diversas propuestas de reforma que hay planteadas en la actualidad o que debieran afrontarse en un futuro. Así pues, el trabajo que aquí se presenta combina el examen técnico-jurídico de determinados extremos con la evaluación de la técnica legislativa empleada y el trasfondo político de cada uno de los ámbitos que son objeto de estudio. La selección efectuada abarca temas de gran interés y actualidad como: el acoso inmobiliario, los delitos sexuales, los ultrajes a España, el maltrato animal, la financiación ilegal de los partidos políticos, la eutanasia, la prisión permanente revisable, el delito de sedición, el delito de coacciones a la huelga, delitos de odio, las insolvencias punibles, los delitos contra la libertad religiosa, la convocatoria y celebración de referéndums y consultas ilegales, medio ambiente, blanqueo de dinero, enaltecimiento del terrorismo, el indulto, la apología y exaltación del franquismo y la trata de seres humanos. Así pues, se ha pretendido reunir en este libro a reputados penalistas, especialistas cada uno de ellos en el campo que abordan, con la finalidad de resumir las distintas posiciones, debates, propuestas y soluciones que se dan encada uno de los temas propuestos. Siempre desde el máximo rigor científico y el más sano espíritu crítico |
| 506 1# - RESTRICTIONS ON ACCESS NOTE | |
| Terms governing access | Disponible solo en los productos indicados |
| Authorized users | vLex Global |
| -- | vLex Global (Academic Edition, excluding Law Schools) |
| -- | vLex Global (U.S. Academic Edition, Law Schools) |
| -- | vLex Global (U.S. Academic Edition, excluding Law Schools) |
| -- | vLex Global (Academic Edition, Law Schools) |
| 650 04 - SUBJECT ADDED ENTRY--TOPICAL TERM | |
| Topical term or geographic name as entry element | Derecho Penal |
| Geographic subdivision | España |
| 650 04 - SUBJECT ADDED ENTRY--TOPICAL TERM | |
| Topical term or geographic name as entry element | Procedimiento Penal |
| Geographic subdivision | España |
| 740 0# - | |
| -- | vLex Libros (Servicio en línea) |
| 856 40 - LOCALIZACIÓN Y ACCESO ELECTRÓNICO | |
| Identificador Uniforme del Recurso (URI/URL) | https://app.vlex.com/#/sources/35632 |
| 942 ## - | |
| -- | RAA |
| 999 ## - | |
| -- | 171548 |
| -- | 171548 |
No hay ítems disponibles.